000 00664nam a22002537a 4500
003 UA-OsUOA
001 129605
007 ta
008 20180313b un ||||| |||| 00| 0 ukr d
100 _aЯртись А. В.
700 _aВаськів А. Ю.
090 _a2(075.8)
_bЯ77
942 _cBK
040 _aUA-OsUOA
_bukr
_cUA-OsUOA
_dUA-OsUOA
245 _aРелігієзнавство
_bнавчальний посібник
300 _a423 с.
955 _a2
041 _aukr
080 _a2(075.8)
020 _a978-966-724-5
260 _aК.
_bЗнання
_c2010
650 7 _a2 Релігія. Теологія.
_2UDC
999 _c417448
_d417448